Genealogía de un ocaso agrícola: estructura agraria y reetnificación en el Valle de Quillagua. Desierto de Atacama, II región de Antofagasta, Chile

Esta investigación busca analizar comparativamente las transformaciones de la estructura social agraria de la Comunidad de Quillagua, incluyendo la percepción y experiencia de los habitantes del valle desde inicios del siglo 20 hasta la actualidad.

Bibliographic Details
Main Author: Carmona Yost, Javier
Other Authors: Bahamondes Parrao, Miguel (profesor guía)
Format: Tesis
Language:Spanish
Published: Santiago, Chile: Universidad Academia de Humanismo Cristiano, 2013.
Subjects:
Online Access:Disponible en línea (PDF). Biblioteca Digital UAHC

MARC

LEADER 00000nmm a22000007a 4500
001 043253
003 UAHC_CL
005 20220817124514.0
008 131206s2013 cl o d 000 spa
040 |a UAHC_CL  |c UAHC_CL  |d UAHC_CL 
100 1 |a Carmona Yost, Javier 
245 1 0 |a Genealogía de un ocaso agrícola:  |b estructura agraria y reetnificación en el Valle de Quillagua. Desierto de Atacama, II región de Antofagasta, Chile  |c Javier Carmona, profesor guía Miguel Bahamondes. 
260 |a Santiago, Chile:  |b Universidad Academia de Humanismo Cristiano,  |c 2013. 
300 |a 387 páginas. 
500 |a Tesis para optar al título de Antropólogo y al grado de Licenciado en Antropología Social. 
502 |a Tesis (Antropología) --Universidad Academia de Humanismo Cristiano, 2013. 
516 |a Tesis electrónica (PDF). Solicitar envío de documento a biblioteca@academia.cl. 
520 |a Esta investigación busca analizar comparativamente las transformaciones de la estructura social agraria de la Comunidad de Quillagua, incluyendo la percepción y experiencia de los habitantes del valle desde inicios del siglo 20 hasta la actualidad. 
650 0 |a Ecología agrícola  |9 11177 
650 0 |a Desarrollo de la comunidad  |9 972 
653 |a ANTROPOLOGIA 
700 1 |a Bahamondes Parrao, Miguel  |e profesor guía 
856 |u http://bibliotecadigital.academia.cl/xmlui/handle/123456789/1160  |y Disponible en línea (PDF). Biblioteca Digital UAHC 
900 |a TANT 139 
942 |c TS  |2 ddc 
952 |0 0  |1 0  |2 ddc  |4 0  |6 TANT_139_000000000000000  |7 0  |9 80752  |a BC  |b BC  |c Digital  |d 2017-08-03  |o TANT 139  |r 2019-01-02 00:00:00  |w 2017-08-03  |y TS  |z Documento en PDF  |B ANT 
999 |c 43253  |d 43253